Quiz o Sokołowie Podlaskim - Statystyki

Ogólne statystyki
  • Ten quiz został rozwiązany 6 razy
  • Średni wynik to 6 z 10
Statystyki odpowiedzi
Wskazówka Odpowiedź % Poprawnych
Województwo, w którym znajduje się Sokołów Podlaski mazowieckie
100%
Wysoczyzna, na której leży miasto Wysoczyzna {Siedlecka}
100%
Wiek, w którym Sokołów Podlaski dostał prawa miejskie XV (1424)
100%
Rzeka, która przepływa przez miasto Cetynia
80%
Historyczna kraina, na której leży Sokołów Podlaski Podlasie
80%
Województwo, w którym leżał Sokołów Podlaski w latach 1975-1998 siedleckie
80%
Burmistrz Sokołowa Podlaskiego Iwona Ewa Kublik
60%
Jedyna droga wojewódzka, na której leży to miasto DW {627}
20%
Klub piłkarski tego miasta Podlasie Sokołów Podlaski
20%
Jedyne polskie miasto partnerskie Sokołowa Podlaskiego Czerwionka-Leszczyny
0%
Nie znaleziono quizów pasujących do podanych kryteriów
Rozkład punktacji
Procent ludzi z każdym wynikiem
Percentyl według liczby udzielonych odpowiedzi
Twoja historia wyników
Nie rozwiązałeś tego quizu